ARRUPE JESUIT UNIVERSITY

CORONAVIRUS -STOP THE SPREAD - CLEAN,DISINFECT,COVER

Psalmi selecti (Record no. 119456)

MARC details
000 -LEADER
fixed length control field 00432nam a22001337a 4500
008 - FIXED-LENGTH DATA ELEMENTS--GENERAL INFORMATION
fixed length control field 131220b xxu||||| |||| 00| 0 eng d
050 ## - LIBRARY OF CONGRESS CALL NUMBER
Classification number BS1435.P974
100 ## - MAIN ENTRY--PERSONAL NAME
Personal name Church of England
9 (RLIN) 6337
245 ## - TITLE STATEMENT
Title Psalmi selecti
Remainder of title cum canticulis
Statement of responsibility, etc Church of England
260 ## - PUBLICATION, DISTRIBUTION, ETC. (IMPRINT)
Place of publication, distribution, etc London
Name of publisher, distributor, etc Novello
Date of publication, distribution, etc 1934
300 ## - PHYSICAL DESCRIPTION
Extent 153p.;
Dimensions 18cm
650 ## - SUBJECT ADDED ENTRY--TOPICAL TERM
Topical term or geographic name as entry element Bible O.T.
General subdivision Psalms
-- English
-- Church of England
-- Liturgy - Chants
9 (RLIN) 6338
942 ## - ADDED ENTRY ELEMENTS (KOHA)
Source of classification or shelving scheme Library of Congress Classification
Item type Monograph ( Printed materials)
Holdings
Withdrawn status Lost status Source of classification or shelving scheme Damaged status Not for loan Home library Current library Date acquired Total Checkouts Full call number Barcode Date last seen Price effective from Koha item type
    Library of Congress Classification     ARRUPE LIBRARY ARRUPE LIBRARY 20/12/2013   BS1435.P974 464122860 07/12/2016 20/12/2013 Monograph ( Printed materials)

 

Arrupe Library. PO Box MP320 Mt Pleasant, Harare, Zimbabwe
263 242 745411|librarian@aju.ac.zw